MARC

LEADER 00000nam0a2200000 4500
001 262294
005 20231101233635.0
035 |a (RuTPU)RU\TPU\book\285276 
035 |a RU\TPU\book\70598 
090 |a 262294 
100 |a 20040818d1964 m y0rusy50 ca 
101 0 |a rus 
102 |a RU 
105 |a a j 001zy 
200 0 |a [Ч. 2] : Электричество  |f С. Г. Калашников 
205 |a 2-е изд., перераб. 
210 |d 1964 
215 |a 666 с.  |c ил. 
320 |a Предм. указ.: с. 587-591 
461 |t Общий курс физики  |o учебное пособие для университетов  |v [Ч. 2] : Электричество  |d 1964- 
606 1 |a Физика  |2 stltpush  |3 (RuTPU)RU\TPU\subj\63709  |9 80688 
606 1 |a Электричество  |2 stltpush  |3 (RuTPU)RU\TPU\subj\27825  |9 51518 
610 1 |a учебные пособия 
610 1 |a электрические заряды 
610 1 |a электрическое поле 
610 1 |a магнитное поле 
610 1 |a электрический ток 
610 1 |a индукция 
610 1 |a энергия 
610 1 |a ионные явления 
610 1 |a электронные явления 
610 1 |a электромагнитные колебания 
610 1 |a электрические поля 
610 1 |a электроемкость 
610 1 |a диэлектрики 
610 1 |a магнитные поля 
610 1 |a магнетики 
610 1 |a теория Максвелла 
610 1 |a электронные явления 
610 1 |a ионные явления 
610 1 |a электромагнитные колебания 
610 1 |a электромагнитные волны 
675 |a 53(075.8)  |v 3 
675 |a 537.3(075.8)  |v 3 
700 1 |a Калашников  |b С. Г.  |g Сергей Григорьевич 
801 1 |a RU  |b 63413507  |c 20021014  |g PSBO 
801 2 |a RU  |b 63413507  |c 20210129  |g PSBO 
942 |c BK